00309 a2200133 4500000002500000100001300025110001300038245001900051250001900070260003000089264003000119942000700149999001900156 nam a22 7a 4500 aPal,Amit aPal,Amit ayoga education alatest edition bkhel sahitya kendrac2025 bkhel sahitya kendrac2025 cBK c396268d396268